Billetes falsificados: manual de reconocimiento y detección de falsedad de papel moneda (Registro nro. 3573)
[ vista simple ]
| 000 -Cabecera | |
|---|---|
| Campo de control de longitud fija | 00874nam a22003017a 4500 |
| 005 - Fecha y hora de la última transacción | |
| Campo de control | 20250729134340.0 |
| 008 - Elementos de longitud fija--Información general | |
| Campo de control de longitud fija | 150303b2011 xxu||||| |||| 00| 0 ES d |
| 020 ## - International Standard Book Number | |
| Número Internacional Estándar del Libro (ISBN) | 9789507951213 |
| 041 ## - Idioma | |
| Código de idioma | Español |
| 082 ## - Clasificación Decimal Dewey | |
| Número de clasificación | 332.404.4 S586b |
| 100 ## - Entrada principal--Autor personal | |
| Nombre personal | Silveyra, Jorge Omar |
| 9 (RLIN) | 102 |
| 245 ## - Título propiamente dicho | |
| Título | Billetes falsificados: manual de reconocimiento y detección de falsedad de papel moneda |
| 260 ## - Pie de imprenta | |
| Lugar de publicación, distribución, etc. | Argentina |
| Nombre del editor, distribuidor, etc. | La Llave |
| Fecha de publicación, distribución, etc. | 2011 |
| 300 ## - Descripción física | |
| Extensión | 160 páginas |
| 490 ## - Serie | |
| Título de la Serie | Investigación Criminal |
| 650 ## - Materia general | |
| Temática (materia general) | BILLETES |
| 650 ## - Materia general | |
| Temática (materia general) | BILLETES FALSOS |
| 650 ## - Materia general | |
| Temática (materia general) | PAPEL MONEDA |
| 650 ## - Materia general | |
| Temática (materia general) | MAQUINAS DETECTORAS |
| 650 ## - Materia general | |
| Temática (materia general) | CARACTERISTICAS DE LOS BILLETES |
| 650 ## - Materia general | |
| Temática (materia general) | FALSIFICACIONES |
| 650 ## - Materia general | |
| Temática (materia general) | AUTENTICIDAD DEL PAPEL MONEDA |
| 650 ## - Materia general | |
| Temática (materia general) | DOLARES |
| 650 ## - Materia general | |
| Temática (materia general) | EUROS |
| 650 ## - Materia general | |
| Temática (materia general) | BILLETES DE PLASTICO |
| 650 ## - Materia general | |
| Temática (materia general) | BILLETES DE POLIMERO |
| 942 ## - Punto de acceso adicional KOHA | |
| Tipo de ítem KOHA | Libro |
| Fuente del sistema de clasificación o colocación | Dewey Decimal Classification |
| Signatura completa | Código de barras | Programa Académico | Tipo de ítem |
|---|---|---|---|
| 332.404.4 S586b | 18520 | Investigación Criminal | Libro |
| 332.404.4 S586b | 19782 | Investigación Criminal | Libro |